Kuvavisa: Aasian suurimmat T:llä alkavat kaupungit - Statistics

Yleistilastot
  • Tätä visaa on pelattu 20 kertaa
  • Keskiarvotulos 7 / 16
Vastaustilastot
Kuvavisa Hint Vastaus % Oikein
🇮🇷 8 690 000 Teheran
100%
🇯🇵 9 730 000 Tokio
100%
🇺🇿 2 860 000 Taškent
93%
🇨🇳 11 050 000 Tiānjīn
93%
🇹🇼 2 590 000 Taipei
87%
🇨🇳 4 300 000 Tàiyuán
47%
🇨🇳 1 490 000 Táizhōu
27%
🇨🇳 2 550 000 Tángshān
27%
🇮🇷 1 560 000 Tabriz
20%
🇨🇳 1 420 000 Tàiān
20%
🇹🇼 3 030 000 Taichung
20%
🇹🇼 1 880 000 Tainan
13%
🇹🇼 2 440 000 Taoyuan
13%
🇮🇩 1 800 000 Tangerang
7%
🇮🇳 1 680 000 Thiruvananthapuram
7%
🇮🇳 1 860 000 Thrissur
7%
Ehtoja vastaavia visoja ei löytynyt
Tulosjakauma
Jokaisen tuloksen saaneiden osuus
Persentiili vastausten määrän mukaan
Tuloshistoriasi
Et ole pelannut tätä visaa